| 000 | 00587nam a2200157 4500 | ||
|---|---|---|---|
| 001 | 16482 | ||
| 010 | _a 9789895663347 | ||
| 021 | _b521106/23 | ||
| 090 | _a16482 | ||
| 100 | _a20260420 pory50 | ||
| 200 |
_aA voz lĂrica do Alentejo _eContributo para o estudo da Literatura oral e tradicional do Concelho de Reguengos de Monsaraz |
||
| 210 |
_aLisboa _cEd. Colibri _d2024 |
||
| 215 |
_a403 p. _d23 cm |
||
| 300 | _a Tese dout. Estudos de Literatura e de Cultura (Literatura Oral Tradicional), Faculdade de Letras, Universidade de Lisboa, 2018 | ||
| 801 |
_aPT _bBMA _gRPC |
||
| 990 | _cLIVROS | ||